कमळाच्या पाकळ्या (Record no. 1002803)

MARC details
000 -LEADER
fixed length control field 00615nam a2200181Ia 4500
008 - FIXED-LENGTH DATA ELEMENTS--GENERAL INFORMATION
fixed length control field 151018s9999 xx 000 0 und d
082 ## - DEWEY DECIMAL CLASSIFICATION NUMBER
Item number RBASDV333
Classification number 891.463
100 ## - MAIN ENTRY--PERSONAL NAME
Personal name कमला बंबवाले
245 ## - TITLE STATEMENT
Title कमळाच्या पाकळ्या
250 ## - EDITION STATEMENT
Remainder of edition statement 1
260 ## - PUBLICATION, DISTRIBUTION, ETC. (IMPRINT)
Name of publisher, distributor, etc सौ बंबवाले कमला
Date of publication, distribution, etc 1937
300 ## - PHYSICAL DESCRIPTION
Extent 222
600 ## - SUBJECT ADDED ENTRY--PERSONAL NAME
Personal name कमला बंबवाले
630 ## - SUBJECT ADDED ENTRY--UNIFORM TITLE
Uniform title कमळाच्या पाकळ्या
700 ## - ADDED ENTRY--PERSONAL NAME
Personal name कमला बंबवाले
730 ## - ADDED ENTRY--UNIFORM TITLE
Uniform title कमळाच्या पाकळ्या
942 ## - ADDED ENTRY ELEMENTS (KOHA)
Koha item type Book
Holdings
Withdrawn status Lost status Damaged status Not for loan Home library Current library Date acquired Cost, normal purchase price Total Checkouts Full call number Barcode Date last seen Cost, replacement price Price effective from Koha item type
        R.B. Anant Shivaji Desai Vachanalaya and Granthalaya, Kudal R.B. Anant Shivaji Desai Vachanalaya and Granthalaya, Kudal 12/20/1958 7.50   RBASDV333 RBASDV333 10/18/2015 7.50 10/18/2015 Book